| 000 | 00706nam a2200229Ia 4500 | ||
|---|---|---|---|
| 005 | 20231204092636.0 | ||
| 008 | 131103s9999 xx 000 0 und d | ||
| 020 |
_a0-415-05757-4(pbk) _c13.99 pds |
||
| 040 | _aLoreto College | ||
| 041 | _aEnglish | ||
| 082 |
_a327 _bYAH |
||
| 100 | _aYahuda, Michael | ||
| 245 |
_aThe International politics of the Asia-Pacific,1945-1995 _cMichael Yahuda |
||
| 260 |
_aLondon _bRoutledge _cc 1996 |
||
| 300 | _axi,298 p. | ||
| 504 | _aIncludes bibliographical refererences and index | ||
| 630 | _aAsia(Pacific) - Foreign Policy,1945-1995 | ||
| 650 | _aPolitics - International Relations - | ||
| 651 | _aPolitical Science - | ||
| 850 | _aLCLIB | ||
| 942 | _cBK | ||
| 999 |
_c1470 _d51949 |
||